[Event "San Vicente op 9th"]
[Site "San Vicente"]
[Date "2025.04.19"]
[Round "6"]
[White "Ruiz Vazquez, Javier"]
[Black "Sowinski, Pawel"]
[Result "0-1"]
[WhiteElo "2279"]
[BlackElo "2428"]
[PlyCount "100"]
[EventDate "2025.04.16"]
[EventType "swiss"]
[EventRounds "9"]
[EventCountry "ESP"]
[SourceTitle "CB17_2025"]
[SourceDate "2025.04.23"]
[SourceVersion "1"]
[SourceVersionDate "2025.04.23"]
[SourceQuality "1"]

1. e4 c6 2. Nc3 d5 3. Nf3 a6 4. h3 d4 5. Ne2 c5 6. Ng3 Nc6 7. a4 g6 8. Bc4 Bg7 9. d3 Nf6 10. Bd2 0-0 11. 0-0 Ne8 12. Qc1 Nd6 13. Bb3 e5 14. Bg5 Bf6 15. Bh6 Re8 16. Ng5 Bg7 17. Bxg7 Kxg7 18. f4 f6 19. fxe5 Nxe5 20. Nf3 Qe7 21. Bd5 Bd7 22. b3 Rf8 23. Qf4 Rae8 24. Rf2 b6 25. Kh1 Nxf3 26. Rxf3 Qe5 27. Raf1 Qxf4 28. Rxf4 Re5 29. h4 h6 30. Kg1 f5 31. R4f2 g5 32. hxg5 hxg5 33. Bc4 f4 34. Bd5 Bg4 35. Ne2 Bxe2 36. Rxe2 Nf5 37. Rb1 Ne3 38. Bb7 a5 39. Rc1 g4 40. Kf2 Nxg2 41. c3 dxc3 42. Rxc3 Ne3 43. Rc1 Rh8 44. Rxe3 Rh2+ 45. Kg1 Reh5 46. e5 fxe3 47. Re1 R2h3 48. Bg2 Rg3 49. Re2 Rxe5 50. Kh2 Rf3 0-1

[Event "Titled Tuesday intern op 04th Mar Early"]
[Site "Chess.com INT"]
[Date "2025.03.04"]
[Round "2"]
[White "Pakleza, Zbigniew"]
[Black "Ruiz Vazquez, Javier"]
[Result "1-0"]
[WhiteElo "2485"]
[BlackElo "2263"]
[PlyCount "69"]
[EventDate "2025.03.04"]
[EventType "swiss (blitz)"]
[EventRounds "11"]
[EventCountry "USA"]
[SourceTitle "CB11_2025"]
[SourceDate "2025.03.12"]
[SourceVersion "1"]
[SourceVersionDate "2025.03.12"]
[SourceQuality "1"]

1. d4 Nf6 2. Nf3 g6 3. Bf4 Bg7 4. e3 d6 5. h3 0-0 6. Be2 Nbd7 7. 0-0 Re8 8. c3 Ne4 9. Bh2 e5 10. Nbd2 Nxd2 11. Qxd2 e4 12. Ne1 Nf6 13. c4 h5 14. Rc1 Bf5 15. Nc2 Qd7 16. Rfd1 c6 17. b4 d5 18. b5 cxb5 19. cxb5 Bf8 20. Nb4 Qe7 21. a3 Qd7 22. Rc7 Qd8 23. Rxb7 Bd6 24. Bxd6 Qxd6 25. Rc1 Bd7 26. Rcc7 Rec8 27. Qc3 Ne8 28. Rc5 Be6 29. Nc6 Kg7 30. Nxa7 Rcb8 31. Rxb8 Qxb8 32. Nc6 Qb6 33. Qb4 Nc7 34. a4 Na6 35. bxa6 1-0

[Event "Titled Tuesday intern op 07th Jan Early"]
[Site "Chess.com INT"]
[Date "2025.01.07"]
[Round "3"]
[White "Khafizova, Diana"]
[Black "Ruiz Vazquez, Javier"]
[Result "1-0"]
[WhiteElo "2107"]
[BlackElo "2154"]
[PlyCount "99"]
[EventDate "2025.01.07"]
[EventType "swiss (blitz)"]
[EventRounds "11"]
[EventCountry "USA"]
[SourceTitle "CB03_2025"]
[SourceDate "2025.01.15"]
[SourceVersion "1"]
[SourceVersionDate "2025.01.15"]
[SourceQuality "1"]

1. d4 Nf6 2. Bf4 c5 3. e3 cxd4 4. exd4 d5 5. Nf3 Nc6 6. c3 e6 7. Bd3 Bd6 8. Bxd6 Qxd6 9. Nbd2 0-0 10. 0-0 e5 11. dxe5 Nxe5 12. Nxe5 Qxe5 13. Nf3 Qh5 14. h3 Bd7 15. Nd4 Qe5 16. Qb3 Rab8 17. Rae1 Qd6 18. Re3 b6 19. Rfe1 Rfe8 20. Bf5 Rxe3 21. Rxe3 Re8 22. Bxd7 Rxe3 23. fxe3 Qxd7 24. Qb5 Qe7 25. Qd3 g6 26. Nc6 Qc7 27. Nb4 Qe5 28. Qd4 Qf5 29. Qd3 Qg5 30. Qd4 a5 31. Nc6 Ne4 32. c4 Ng3 33. Kh2 Nf1+ 34. Kh1 Nxe3 35. Qd2 dxc4 36. Nd4 Qf4 37. Nf3 h6 38. Qd8+ Kh7 39. Qxb6 Qe4 40. Qxa5 Qb1+ 41. Qe1 Qe4 42. Kg1 f5 43. Kf2 f4 44. Qd2 Qe7 45. Qd4 g5 46. Ne5 Qe6 47. Qe4+ Kg7 48. Qb7+ Kf6 49. Nd7+ Kg6 50. Nf8+ 1-0

[Event "Titled Tuesday intern op 07th Jan Early"]
[Site "Chess.com INT"]
[Date "2025.01.07"]
[Round "8"]
[White "Kocharin, Timur"]
[Black "Ruiz Vazquez, Javier"]
[Result "1/2-1/2"]
[WhiteElo "2255"]
[BlackElo "2154"]
[PlyCount "257"]
[EventDate "2025.01.07"]
[EventType "swiss (blitz)"]
[EventRounds "11"]
[EventCountry "USA"]
[SourceTitle "CB03_2025"]
[SourceDate "2025.01.15"]
[SourceVersion "1"]
[SourceVersionDate "2025.01.15"]
[SourceQuality "1"]

1. e4 c5 2. Nf3 b6 3. c4 Bb7 4. Nc3 Nf6 5. Bd3 Nc6 6. 0-0 Qc7 7. Nd5 Nxd5 8. exd5 Nb4 9. Bb1 e6 10. a3 Na6 11. dxe6 dxe6 12. d4 cxd4 13. Nxd4 Rd8 14. Bc2 Bd6 15. Ba4+ Kf8 16. Qg4 Bxh2+ 17. Kh1 h5 18. Qh3 Rxd4 19. Qxh2 Qxh2+ 20. Kxh2 Rxc4 21. Bb3 Rh4+ 22. Kg1 Nc5 23. Bc2 Rg4 24. f3 Rc4 25. Bb1 h4 26. Ba2 Rc2 27. b4 Nd7 28. Bb3 Rc3 29. Ba4 Nf6 30. Bb2 Rd3 31. Rac1 h3 32. Rc7 h2+ 33. Kh1 Nh5 34. Be5 Ba6 35. Rfc1 Rd8 36. Rxa7 f6 37. Bxh2 Ng3+ 38. Kg1 Ne2+ 39. Kf2 Nxc1 40. Bc7 Rc8 41. Bd6+ Kg8 42. Rxa6 Nd3+ 43. Ke3 Nb2 44. Bg3 Nc4+ 45. Kf2 Kh7 46. Bd7 Rcd8 47. Ra7 e5 48. Bf5+ Kh6 49. Be6 Rd2+ 50. Ke1 Rc2 51. Rc7 Nxa3 52. Ra7 Nb5 53. Ra6 Nd4 54. Bd5 Kg6 55. Be4+ f5 56. Bxc2 Nxc2+ 57. Kd2 Nxb4 58. Rxb6+ Kg5 59. Rxb4 f4 60. Bf2 Rh2 61. Ke2 Rxg2 62. Rb7 Kf5 63. Rb8 g5 64. Rf8+ Ke6 65. Rg8 Kf5 66. Rh8 g4 67. fxg4+ Rxg4 68. Rh5+ Ke4 69. Be1 Rg2+ 70. Kf1 Rc2 71. Rh3 Rc5 72. Ra3 Rb5 73. Ra4+ Kf3 74. Ra3+ Kg4 75. Ke2 e4 76. Bd2 Rb2 77. Ke1 e3 78. Bxe3 fxe3 79. Rxe3 Rb1+ 80. Kd2 Rb2+ 81. Kc3 Rf2 82. Re8 Rf3+ 83. Kd4 Rf4+ 84. Ke3 Rf3+ 85. Ke2 Rf5 86. Rg8+ Kf4 87. Ra8 Re5+ 88. Kf2 Rf5 89. Ra4+ Kg5+ 90. Kg3 Rf6 91. Ra5+ Rf5 92. Ra8 Rf6 93. Rg8+ Kf5 94. Rb8 Ke5 95. Rb5+ Ke6 96. Kg4 Rf8 97. Kg5 Rd8 98. Rb6+ Rd6 99. Rb8 Rd7 100. Kg6 Rd6 101. Re8+ Kd5+ 102. Kf5 Kc5 103. Re1 Rd3 104. Rc1+ Kd4 105. Rc8 Ke3 106. Re8+ Kd2 107. Ra8 Re3 108. Ra2+ Kd3 109. Kf4 Re4+ 110. Kf5 Re2 111. Ra3+ Kd2 112. Kf4 Re7 113. Ra2+ Kd3 114. Ra3+ Ke2 115. Ra2+ Kd3 116. Ra6 Rf7+ 117. Ke5 Re7+ 118. Kf6 Rh7 119. Rd6+ Ke4 120. Rd8 Rh6+ 121. Kg5 Rb6 122. Re8+ Kd5 123. Kf5 Kd4 124. Rd8+ Ke3 125. Re8+ Kf3 126. Ra8 Rb5+ 127. Ke6 Ke4 128. Ra4+ Kf3 129. Kd6 1/2-1/2

[Event "Titled Tuesday intern op 07th Jan Early"]
[Site "Chess.com INT"]
[Date "2025.01.07"]
[Round "2"]
[White "Ruiz Vazquez, Javier"]
[Black "Martin Fuentes, Alberto"]
[Result "0-1"]
[WhiteElo "2154"]
[BlackElo "2375"]
[PlyCount "124"]
[EventDate "2025.01.07"]
[EventType "swiss (blitz)"]
[EventRounds "11"]
[EventCountry "USA"]
[SourceTitle "CB03_2025"]
[SourceDate "2025.01.15"]
[SourceVersion "1"]
[SourceVersionDate "2025.01.15"]
[SourceQuality "1"]

1. e4 e6 2. Nc3 d5 3. Nf3 d4 4. Ne2 c5 5. Ng3 Nc6 6. Bc4 Nf6 7. d3 Bd6 8. 0-0 h5 9. Bg5 Qc7 10. c3 Bd7 11. Rc1 Bf4 12. Bxf4 Qxf4 13. cxd4 cxd4 14. Bb5 Rd8 15. Ne2 Qb8 16. Nexd4 Nxd4 17. Nxd4 0-0 18. Qe2 Qe5 19. Bxd7 Qxd4 20. Bb5 a6 21. Bc4 b5 22. Bb3 Qxd3 23. Qxd3 Rxd3 24. f3 Rd2 25. Rf2 Rfd8 26. Rc2 Rd1+ 27. Rf1 R1d4 28. Kf2 a5 29. Re2 Nd7 30. Rd1 Ne5 31. Rxd4 Rxd4 32. Ke3 Rd3+ 33. Kf4 Nc6 34. Bc2 Rd8 35. Ke3 e5 36. Bb3 Kf8 37. Rd2 Rxd2 38. Kxd2 f6 39. Bd5 Nd4 40. Kd3 Ke7 41. a3 Kd6 42. b4 a4 43. h4 Ke7 44. Bb7 g5 45. hxg5 fxg5 46. Bc8 Kf6 47. Bd7 Kg6 48. Kd2 Kh6 49. Kd3 g4 50. fxg4 h4 51. Kd2 Kg5 52. Ke3 Nc2+ 53. Kf3 Nxa3 54. Bc6 Nc2 55. Bxb5 a3 56. Bc4 Nxb4 57. g3 a2 58. Bxa2 Nxa2 59. gxh4+ Kxh4 60. Ke3 Kxg4 61. Kd3 Kf4 62. Kc4 Kxe4 0-1

[Event "Titled Tuesday intern op 07th Jan Early"]
[Site "Chess.com INT"]
[Date "2025.01.07"]
[Round "7"]
[White "Yagupov, Igor"]
[Black "Ruiz Vazquez, Javier"]
[Result "1-0"]
[WhiteElo "2230"]
[BlackElo "2154"]
[PlyCount "65"]
[EventDate "2025.01.07"]
[EventType "swiss (blitz)"]
[EventRounds "11"]
[EventCountry "USA"]
[SourceTitle "CB03_2025"]
[SourceDate "2025.01.15"]
[SourceVersion "1"]
[SourceVersionDate "2025.01.15"]
[SourceQuality "1"]

1. Nf3 Nf6 2. c4 g6 3. Nc3 Bg7 4. e4 d6 5. d4 0-0 6. Be2 Nc6 7. d5 Nb8 8. h3 c5 9. Bf4 Nbd7 10. 0-0 Ne8 11. Qd2 a6 12. a3 Rb8 13. b4 b6 14. Rab1 Bb7 15. Rfe1 f6 16. Bf1 Ne5 17. Nh2 a5 18. Be3 Ba6 19. b5 Bc8 20. f4 Nf7 21. Nf3 f5 22. exf5 Bxf5 23. Bd3 Bxd3 24. Qxd3 Nf6 25. g4 Qd7 26. Kf2 h5 27. Qxg6 hxg4 28. Rg1 Nh8 29. Qg5 Nf7 30. Qh4 gxf3 31. Rxg7+ Kxg7 32. Rg1+ Ng5 33. Qxg5+ 1-0

[Event "Titled Tuesday intern op 17th Sep Early"]
[Site "Chess,com INT"]
[Date "2024.09.17"]
[Round "2"]
[White "Ruiz Vazquez, Javier"]
[Black "Emujin, Enkh Amgalan"]
[Result "1-0"]
[WhiteElo "2134"]
[BlackElo "2008"]
[PlyCount "105"]
[EventDate "2024.09.17"]
[EventType "swiss (blitz)"]
[EventRounds "11"]
[EventCountry "USA"]
[SourceTitle "EXT 2025"]
[Source "ChessBase"]
[SourceDate "2024.10.14"]
[SourceVersion "1"]
[SourceVersionDate "2024.10.14"]
[SourceQuality "1"]

1. e4 e5 2. Nf3 Nc6 3. d4 exd4 4. Nxd4 Nf6 5. Nc3 Bb4 6. Nxc6 bxc6 7. Bd3 d5 8. exd5 cxd5 9. 0-0 0-0 10. Bg5 c6 11. Ne2 Be7 12. Re1 Rb8 13. Qc1 Ne4 14. Bxe7 Qxe7 15. Ng3 f5 16. Rb1 Qc5 17. Qf4 Bd7 18. Ne2 g5 19. Qe3 Qxe3 20. fxe3 c5 21. Bxe4 dxe4 22. b3 f4 23. Nc3 Bf5 24. exf4 gxf4 25. Nxe4 Rbd8 26. Nxc5 Rd2 27. Rbc1 Kh8 28. Rf1 Rg8 29. Rf2 Rd5 30. b4 Bh3 31. Kh1 Bg4 32. Rxf4 Rd2 33. Ne4 Rd4 34. Rcf1 Be2 35. Re1 Bc4 36. c3 Rd3 37. Nf6 Rc8 38. Rh4 Bg8 39. h3 Rd6 40. Nxh7 Bxh7 41. Re7 Rd1+ 42. Kh2 Rxc3 43. Rhxh7+ Kg8 44. Rhg7+ Kf8 45. Ref7+ Ke8 46. Rxa7 Kf8 47. Rgf7+ Kg8 48. Rfe7 Rc8 49. Rg7+ Kh8 50. Rh7+ Kg8 51. Rag7+ Kf8 52. Rh8+ Kxg7 53. Rxc8 1-0

[Event "Titled Tuesday intern op 10th Sep Early"]
[Site "Chess,com INT"]
[Date "2024.09.10"]
[Round "1"]
[White "Harsh, Suresh"]
[Black "Ruiz Vazquez, Javier"]
[Result "1-0"]
[WhiteElo "2431"]
[BlackElo "2134"]
[PlyCount "189"]
[EventDate "2024.09.10"]
[EventType "swiss (blitz)"]
[EventRounds "11"]
[EventCountry "USA"]
[SourceTitle "EXT 2025"]
[Source "ChessBase"]
[SourceDate "2024.10.14"]
[SourceVersion "1"]
[SourceVersionDate "2024.10.14"]
[SourceQuality "1"]

1. a3 Nf6 2. c4 g6 3. g3 Bg7 4. Bg2 c6 5. Nf3 0-0 6. 0-0 d5 7. cxd5 cxd5 8. d4 Nc6 9. Ne5 Qb6 10. Nxc6 Qxc6 11. Nc3 Rd8 12. Bg5 Be6 13. Rc1 Qd7 14. Bxf6 Bxf6 15. e3 Rac8 16. Qb3 Rc6 17. Na4 b6 18. Rxc6 Qxc6 19. Nc3 a6 20. Rc1 b5 21. Ne2 Qd6 22. Nf4 Bg5 23. Nxe6 Qxe6 24. Rc5 Qf5 25. Bxd5 Qb1+ 26. Kg2 e6 27. Bb7 Be7 28. Qc2 Qe1 29. Rc7 Bd6 30. Rc8 Rxc8 31. Qxc8+ Kg7 32. Qc6 Be7 33. Bxa6 b4 34. axb4 Qxb4 35. Qb7 Qd6 36. Be2 h6 37. h4 Bf8 38. Bf3 g5 39. hxg5 hxg5 40. d5 exd5 41. Bxd5 Be7 42. Bf3 Qe5 43. b3 Qc5 44. Qd5 Qxd5 45. Bxd5 f5 46. f4 g4 47. e4 fxe4 48. Bxe4 Kf6 49. Bb7 Kg6 50. Bc8 Kh5 51. Kf2 Bc5+ 52. Ke2 Bd6 53. Bd7 Bc5 54. Be6 Bd6 55. Bf7+ Kh6 56. Ke3 Bc5+ 57. Ke4 Bf2 58. Kf5 Bxg3 59. Kxg4 Be1 60. Kf5 Kg7 61. Ke6 Kf8 62. f5 Bb4 63. Bg6 Bc3 64. Kd7 Kg7 65. Kc6 Kf6 66. Kd5 Ke7 67. Kc4 Be5 68. b4 Kd6 69. b5 Bf6 70. Bf7 Be5 71. Be6 Bf6 72. Kd3 Kc5 73. Bd7 Kd6 74. Bc6 Kc5 75. Ke4 Kd6 76. Kf4 Kc5 77. Kg4 Kd6 78. Kh5 Bd8 79. Kg6 Ke7 80. Kg7 Kd6 81. f6 Ke6 82. f7 Bf6+ 83. Kg8 Be7 84. f8Q Bxf8 85. Kxf8 Kd6 86. Ke8 Kc7 87. Ke7 Kc8 88. Kd6 Kb8 89. b6 Kc8 90. Bd5 Kb8 91. Kc6 Kc8 92. b7+ Kb8 93. Be4 Ka7 94. Kc7 Ka6 95. b8Q 1-0

[Event "Titled Tuesday intern op 10th Sep Late"]
[Site "Chess,com INT"]
[Date "2024.09.10"]
[Round "1"]
[White "Zakhartsov, Vladimir"]
[Black "Ruiz Vazquez, Javier"]
[Result "1-0"]
[WhiteElo "2492"]
[BlackElo "2134"]
[PlyCount "89"]
[EventDate "2024.09.10"]
[EventType "swiss (blitz)"]
[EventRounds "11"]
[EventCountry "USA"]
[SourceTitle "EXT 2025"]
[Source "ChessBase"]
[SourceDate "2024.10.14"]
[SourceVersion "1"]
[SourceVersionDate "2024.10.14"]
[SourceQuality "1"]

1. e4 c5 2. c3 e6 3. d4 cxd4 4. cxd4 d5 5. e5 Nc6 6. Nf3 Qb6 7. Be2 f6 8. 0-0 fxe5 9. dxe5 Nge7 10. Nc3 Ng6 11. Be3 Qd8 12. Re1 Be7 13. Bd3 Ngxe5 14. Nxe5 Nxe5 15. Qh5+ Nf7 16. Bd4 g6 17. Bb5+ Bd7 18. Qe2 Bxb5 19. Qxb5+ Qd7 20. Bxh8 Nxh8 21. Rxe6 Qxb5 22. Nxb5 Kd7 23. Rae1 Bb4 24. R1e2 Nf7 25. h4 a6 26. a3 Bc5 27. b4 Bf8 28. Nc3 d4 29. Nd5 Rd8 30. Nf6+ Kc7 31. Re8 Rxe8 32. Rxe8 Bd6 33. Ne4 d3 34. Kf1 Ne5 35. Nxd6 Kxd6 36. f4 Nc6 37. Ke1 Kd5 38. Kd2 Kd4 39. g4 b6 40. f5 gxf5 41. gxf5 a5 42. f6 axb4 43. axb4 Ne5 44. Rxe5 Kxe5 45. f7 1-0

[Event "Titled Tuesday intern op 03rd Sep Late"]
[Site "Chess.com INT"]
[Date "2024.09.03"]
[Round "3"]
[White "Mingo Fernandez, Matias"]
[Black "Ruiz Vazquez, Javier"]
[Result "0-1"]
[WhiteElo "2177"]
[BlackElo "2134"]
[PlyCount "64"]
[EventDate "2024.09.03"]
[EventType "swiss (blitz)"]
[EventRounds "11"]
[EventCountry "USA"]
[SourceTitle "EXT 2025"]
[Source "ChessBase"]
[SourceDate "2024.10.14"]
[SourceVersion "1"]
[SourceVersionDate "2024.10.14"]
[SourceQuality "1"]

1. d4 Nf6 2. Nf3 g6 3. Bf4 Bg7 4. e3 0-0 5. h3 c5 6. c3 Nc6 7. Be2 cxd4 8. exd4 d6 9. 0-0 Re8 10. Bh2 Qb6 11. Qb3 e5 12. dxe5 dxe5 13. Bc4 Qc7 14. Bb5 Bd7 15. Na3 a6 16. Be2 Be6 17. Qd1 Rad8 18. Qc1 Nd5 19. Nc4 b5 20. Ne3 Nf4 21. Bd1 Qb6 22. Bxf4 exf4 23. Nc2 Qc7 24. Re1 Bf5 25. a4 Rxe1+ 26. Nfxe1 Na5 27. axb5 Nb3 28. Qb1 Nxa1 29. Qxa1 axb5 30. Bf3 Qd6 31. Nb4 h6 32. Nc6 Re8 0-1

[Event "Titled Tuesday intern op 03rd Sep Late"]
[Site "Chess.com INT"]
[Date "2024.09.03"]
[Round "7"]
[White "Ruiz Vazquez, Javier"]
[Black "Vila Dupla, Aurelio"]
[Result "1-0"]
[WhiteElo "2134"]
[BlackElo "2042"]
[PlyCount "83"]
[EventDate "2024.09.03"]
[EventType "swiss (blitz)"]
[EventRounds "11"]
[EventCountry "USA"]
[SourceTitle "EXT 2025"]
[Source "ChessBase"]
[SourceDate "2024.10.14"]
[SourceVersion "1"]
[SourceVersionDate "2024.10.14"]
[SourceQuality "1"]

1. e4 c5 2. Nf3 d6 3. Bc4 Nc6 4. 0-0 Nf6 5. Re1 e6 6. d4 cxd4 7. Nxd4 a6 8. Nc3 Be7 9. Bb3 0-0 10. Nf3 Na5 11. Bf4 Nxb3 12. axb3 Nh5 13. Be3 Qc7 14. Qe2 Bd7 15. Red1 Bc6 16. Ng5 Nf6 17. Bf4 h6 18. Nf3 e5 19. Bg3 Nh5 20. Nh4 Bxh4 21. Qxh5 Bxg3 22. hxg3 f5 23. exf5 Rad8 24. g4 d5 25. Rd2 d4 26. Ne2 Rd7 27. Rad1 Qd8 28. Qh2 Qf6 29. Ng3 e4 30. Re2 d3 31. cxd3 Rxd3 32. Rde1 Re8 33. Qh3 Rxb3 34. Qh5 Qf7 35. Qxf7+ Kxf7 36. Nxe4 Bxe4 37. Rxe4 Rxe4 38. Rxe4 Rxb2 39. Rc4 Kf6 40. Rc7 b5 41. g3 a5 42. f4 1-0

[Event "Titled Tuesday intern op 03rd Sep Late"]
[Site "Chess.com INT"]
[Date "2024.09.03"]
[Round "8"]
[White "Titus, Andrew L"]
[Black "Ruiz Vazquez, Javier"]
[Result "1-0"]
[WhiteElo "2188"]
[BlackElo "2134"]
[PlyCount "91"]
[EventDate "2024.09.03"]
[EventType "swiss (blitz)"]
[EventRounds "11"]
[EventCountry "USA"]
[SourceTitle "EXT 2025"]
[Source "ChessBase"]
[SourceDate "2024.10.14"]
[SourceVersion "1"]
[SourceVersionDate "2024.10.14"]
[SourceQuality "1"]

1. e4 c5 2. Nf3 d6 3. d4 cxd4 4. Nxd4 Nf6 5. Nc3 a6 6. h3 e5 7. Nde2 h5 8. Ng1 Be6 9. Bg5 Nbd7 10. a4 Be7 11. Nf3 Qb6 12. Qc1 d5 13. Bxf6 Bxf6 14. exd5 Bf5 15. Be2 e4 16. Nd2 e3 17. Nc4 exf2+ 18. Kf1 Qc7 19. Qe3+ Kf8 20. Qxf2 Bg6 21. d6 Qd8 22. Nd5 Rc8 23. Nc7 Bxc2 24. Na5 Rxc7 25. dxc7 Qxc7 26. Nc4 Nc5 27. Rc1 Ne4 28. Qe3 Bg5 29. Qa3+ Be7 30. Qf3 Ng3+ 31. Kg1 Bc5+ 32. Ne3 Be4 33. Rxc5 Qxc5 34. Qxg3 h4 35. Qf4 Bc6 36. Kh2 Rh6 37. Rf1 Rf6 38. Qb8+ Ke7 39. Qc7+ Ke8 40. Rxf6 gxf6 41. Qf4 Bxa4 42. Qxa4+ Kf8 43. Qa3 b6 44. Qxc5+ bxc5 45. Bxa6 Ke7 46. Nf5+ 1-0

[Event "Titled Tuesday intern op 27th Aug Early"]
[Site "Chess.com INT"]
[Date "2024.08.27"]
[Round "5"]
[White "Dias, Simao Poscidonio"]
[Black "Ruiz Vazquez, Javier"]
[Result "0-1"]
[WhiteElo "2102"]
[BlackElo "2237"]
[PlyCount "58"]
[EventDate "2024.08.27"]
[EventType "swiss (blitz)"]
[EventRounds "11"]
[EventCountry "USA"]
[SourceTitle "EXT 2025"]
[Source "ChessBase"]
[SourceDate "2024.10.14"]
[SourceVersion "1"]
[SourceVersionDate "2024.10.14"]
[SourceQuality "1"]

1. e4 c5 2. Nf3 e6 3. d4 cxd4 4. Nxd4 Bc5 5. Nb3 Bb6 6. c4 Ne7 7. Nc3 0-0 8. Bd3 f5 9. 0-0 Nbc6 10. Kh1 f4 11. f3 Ne5 12. Ne2 N7g6 13. Qc2 d6 14. Bd2 Bd7 15. Rfd1 Qg5 16. Ng1 Rac8 17. Bf1 Bb5 18. Na5 Bxg1 19. Kxg1 Nxf3+ 20. Kh1 Nfe5 21. Nxb7 Bxc4 22. Bxc4 Rxc4 23. Bc3 Ng4 24. Nxd6 Rc6 25. Qe2 Qh4 26. h3 f3 27. Qe1 fxg2+ 28. Kxg2 Rf2+ 29. Kg1 Qg3+ 0-1

[Event "Titled Tuesday intern op 27th Aug Early"]
[Site "Chess.com INT"]
[Date "2024.08.27"]
[Round "8"]
[White "Montano Vicente, Guadalupe"]
[Black "Ruiz Vazquez, Javier"]
[Result "1-0"]
[WhiteElo "1950"]
[BlackElo "2237"]
[PlyCount "93"]
[EventDate "2024.08.27"]
[EventType "swiss (blitz)"]
[EventRounds "11"]
[EventCountry "USA"]
[SourceTitle "EXT 2025"]
[Source "ChessBase"]
[SourceDate "2024.10.14"]
[SourceVersion "1"]
[SourceVersionDate "2024.10.14"]
[SourceQuality "1"]

1. d4 Nf6 2. c4 g6 3. Nc3 Bg7 4. e4 d6 5. h3 Nbd7 6. Be3 h5 7. Nf3 e5 8. Be2 c6 9. 0-0 0-0 10. Qc2 Re8 11. Rad1 Qc7 12. b4 a5 13. b5 exd4 14. Bxd4 Nc5 15. e5 Bf5 16. Qc1 Nfe4 17. exd6 Qd7 18. Bxg7 Kxg7 19. Nxe4 Nxe4 20. Nd4 c5 21. Nxf5+ Qxf5 22. Bf3 Rad8 23. Qb2+ Kh7 24. Bxe4 Rxe4 25. Qc3 Re6 26. Qxa5 Rexd6 27. Rxd6 Rxd6 28. Qc7 Qe6 29. Qxc5 Rd2 30. Qe3 Qxe3 31. fxe3 Kg7 32. Rf2 Rd3 33. Re2 Rc3 34. Kf2 Rxc4 35. Rb2 Kf6 36. Kf3 Ke5 37. g3 f6 38. h4 g5 39. hxg5 fxg5 40. Ke2 h4 41. gxh4 gxh4 42. Kf3 Ra4 43. Rh2 Kd5 44. Rc2 Rb4 45. Rh2 Kc5 46. a3 Ra4 47. e4 1-0

[Event "Titled Tuesday intern op 27th Aug Late"]
[Site "Chess.com INT"]
[Date "2024.08.27"]
[Round "3"]
[White "Novikova, Margarita"]
[Black "Ruiz Vazquez, Javier"]
[Result "0-1"]
[WhiteElo "1991"]
[BlackElo "2237"]
[PlyCount "86"]
[EventDate "2024.08.27"]
[EventType "swiss (blitz)"]
[EventRounds "11"]
[EventCountry "USA"]
[SourceTitle "EXT 2025"]
[Source "ChessBase"]
[SourceDate "2024.10.14"]
[SourceVersion "1"]
[SourceVersionDate "2024.10.14"]
[SourceQuality "1"]

1. e4 c5 2. Nc3 e6 3. d3 Nc6 4. g3 a6 5. Bg2 b5 6. Be3 Qc7 7. Qd2 Bb7 8. Nge2 Be7 9. 0-0 Nf6 10. h3 d6 11. a3 0-0 12. f4 Rfd8 13. d4 cxd4 14. Nxd4 Na5 15. Qf2 Nc4 16. Bc1 e5 17. Nf5 Bf8 18. Nd1 Bxe4 19. Bxe4 Nxe4 20. Qf3 d5 21. b3 Ncd6 22. Nxd6 Bxd6 23. Bb2 exf4 24. Qg4 Bf8 25. Rxf4 Qxc2 26. Rc1 Qxb3 27. Qf5 Ra7 28. Bd4 Rad7 29. Nf2 Qxg3+ 30. Kf1 Nxf2 31. Rxf2 Qxa3 32. Qxd7 Rxd7 33. Rc8 Qb4 34. Be3 d4 35. Bd2 Qb1+ 36. Ke2 f6 37. Rf1 Qe4+ 38. Kd1 Kf7 39. Re1 Qb1+ 40. Ke2 Re7+ 41. Kf2 Rxe1 42. Bxe1 Qf5+ 43. Ke2 Qxc8 0-1

[Event "Titled Tuesday intern op 27th Aug Early"]
[Site "Chess.com INT"]
[Date "2024.08.27"]
[Round "6"]
[White "Ruiz Vazquez, Javier"]
[Black "Abel Mathewos, Tilahun"]
[Result "1-0"]
[WhiteElo "2237"]
[BlackElo "1972"]
[PlyCount "65"]
[EventDate "2024.08.27"]
[EventType "swiss (blitz)"]
[EventRounds "11"]
[EventCountry "USA"]
[SourceTitle "EXT 2025"]
[Source "ChessBase"]
[SourceDate "2024.10.14"]
[SourceVersion "1"]
[SourceVersionDate "2024.10.14"]
[SourceQuality "1"]

1. e4 e6 2. d4 d5 3. Nd2 Nc6 4. Ngf3 Nf6 5. e5 Nd7 6. c3 f6 7. exf6 Qxf6 8. Bb5 Bd6 9. Qe2 0-0 10. 0-0 a6 11. Ba4 b5 12. Bc2 e5 13. dxe5 Ndxe5 14. Nd4 Nxd4 15. cxd4 Ng4 16. h3 Nh6 17. Nf3 Bxh3 18. Bg5 Qf7 19. Ne5 Bxe5 20. Qxe5 Rae8 21. Qg3 Bf5 22. Bxh6 Bxc2 23. Rac1 Re2 24. Be3 c6 25. Qg4 Bd3 26. Rfd1 h5 27. Qh4 Be4 28. Rxc6 Bg6 29. Qg5 Be4 30. Qg3 h4 31. Qxh4 Rxb2 32. Rdc1 b4 33. Rc8 1-0

[Event "Titled Tuesday intern op 27th Aug Early"]
[Site "Chess.com INT"]
[Date "2024.08.27"]
[Round "7"]
[White "Ruiz Vazquez, Javier"]
[Black "Nefedov, Sergey Anatolievich"]
[Result "0-1"]
[WhiteElo "2237"]
[BlackElo "2258"]
[PlyCount "142"]
[EventDate "2024.08.27"]
[EventType "swiss (blitz)"]
[EventRounds "11"]
[EventCountry "USA"]
[SourceTitle "EXT 2025"]
[Source "ChessBase"]
[SourceDate "2024.10.14"]
[SourceVersion "1"]
[SourceVersionDate "2024.10.14"]
[SourceQuality "1"]

1. e4 d5 2. exd5 Qxd5 3. d4 Nf6 4. c4 Qe4+ 5. Be2 e5 6. dxe5 Bb4+ 7. Bd2 Bxd2+ 8. Nxd2 Qxe5 9. Ngf3 Qxb2 10. Rb1 Qa3 11. Rb3 Qa5 12. Re3+ Be6 13. 0-0 0-0 14. Qb1 Nc6 15. Qxb7 Qb6 16. Qxb6 axb6 17. a3 Rfd8 18. h3 Nd4 19. Nxd4 Rxd4 20. Nf3 Re4 21. Rxe4 Nxe4 22. Ra1 Ra4 23. Bd3 Nc5 24. Bc2 Rxc4 25. Bd1 h6 26. Kf1 g5 27. Ke2 Re4+ 28. Kd2 Kg7 29. Bc2 Rf4 30. Ke3 Bd5 31. Ne1 Ne6 32. g3 Rc4 33. Bd3 Ra4 34. Nc2 Nc5 35. Be2 Nb3 36. Rb1 Be6 37. Bd3 Nc5 38. Be2 Bxh3 39. Rd1 Bf5 40. Nd4 Rxa3+ 41. Kd2 Nb3+ 42. Nxb3 Rxb3 43. Rc1 Rb2+ 44. Ke3 c5 45. Rd1 Rb3+ 46. Kd2 b5 47. Rc1 c4 48. g4 Be4 49. Rc3 Rxc3 50. Kxc3 f5 51. f3 Bc6 52. Kb4 Kg6 53. Kc5 Bd7 54. Kb4 h5 55. gxh5+ Kxh5 56. Kc3 g4 57. fxg4+ fxg4 58. Kd4 Kh4 59. Ke3 Kh3 60. Kf2 g3+ 61. Kg1 Bc6 62. Bf1+ g2 63. Be2 c3 64. Bd3 b4 65. Bc2 Bd5 66. Bd1 b3 67. Be2 c2 68. Kf2 c1Q 69. Bg4+ Kxg4 70. Ke2 Bf3+ 71. Kf2 g1Q# 0-1

[Event "Titled Tuesday intern op 27th Aug Late"]
[Site "Chess.com INT"]
[Date "2024.08.27"]
[Round "1"]
[White "Seemann, Jakub"]
[Black "Ruiz Vazquez, Javier"]
[Result "1-0"]
[WhiteElo "2462"]
[BlackElo "2237"]
[PlyCount "87"]
[EventDate "2024.08.27"]
[EventType "swiss (blitz)"]
[EventRounds "11"]
[EventCountry "USA"]
[SourceTitle "EXT 2025"]
[Source "ChessBase"]
[SourceDate "2024.10.14"]
[SourceVersion "1"]
[SourceVersionDate "2024.10.14"]
[SourceQuality "1"]

1. Nf3 Nf6 2. b3 g6 3. Bb2 Bg7 4. g3 0-0 5. Bg2 d6 6. 0-0 Nbd7 7. d4 c6 8. c4 Re8 9. d5 cxd5 10. cxd5 Nb6 11. Ne1 Bf5 12. a4 Be4 13. Bxe4 Nxe4 14. Bxg7 Kxg7 15. a5 Nd7 16. f3 Nef6 17. Nc3 Rc8 18. Qd4 Qc7 19. Ne4 Kg8 20. Nxf6+ Nxf6 21. Nd3 Qc3 22. Qxa7 Qxb3 23. Rfb1 Qxd5 24. Rxb7 Ra8 25. Qb6 Qc4 26. a6 Nd5 27. Qa5 Qd4+ 28. Kh1 Nc3 29. Rb4 Qf6 30. Rf4 Qg7 31. Re1 Rec8 32. a7 e5 33. Rb4 f5 34. Ra1 e4 35. Nf4 exf3 36. exf3 Qd7 37. Nd5 Nxd5 38. Qxd5+ Kf8 39. Rb7 Qe8 40. Qxd6+ Kg8 41. Qd5+ Kf8 42. Qd4 Qe6 43. Qg7+ Ke8 44. Qh8+ 1-0